Възхвала (Запис номер 47103)
[ съкратено ]
| 000 -Лидер | |
|---|---|
| Контролно поле с фиксирана дължина | 01670nam a2200385 c 4500 |
| 003 - Код на организацията, давaща контролен номер | |
| Контролно поле | BLK |
| 005 - Дата и час на последна редакция | |
| Контролно поле | 20200422085342.0 |
| 008 - Елементи от данни с фиксирана дължина | |
| fixed length control field | 180408b bul|||||r ||||||| ||bul|| |
| 010 ## - Наследен системен номер | |
| LC control number | KNG00050912000 |
| 040 ## - Източник на каталожния запис | |
| Идентификатор на билиотеката - собственик на записа | BLK |
| 041 ## - Код за език | |
| Код за езика на текст/звукозапис или на отделно заглавие | Български |
| Код за езика КДБФ | Български |
| 072 #7 - Код за тематичната категория | |
| Код организация | bullib |
| Код за тематична категория | А |
| Текст | Фонд Михаил Арнаудов |
| 072 #7 - Код за тематичната категория | |
| Код организация | bullib |
| Код за тематична категория | Я |
| Текст | Автографи |
| 080 ## - УДК | |
| Текстов определител УДК | Право |
| УДК код - определител по УДК | 34 |
| УДК определител | (497.2)(092) |
| УДК - код + определител | 34(497.2)(092) |
| 080 ## - УДК | |
| Текстов определител УДК | Български юрист, публицист, и политик |
| УДК код - определител по УДК | 929 Бобчев, Стефан Савов |
| УДК - код + определител | 929 Бобчев, Стефан Савов |
| 139 ## - Редно поле | |
| Редна дума | Възхвала |
| Авторски знак | Бобч - Б 53 |
| 245 10 - Сведения за заглавието | |
| Заглавие | Възхвала |
| Подзаглавни данни | Сб. в чест на Стефан Бобчев 1871-1921 |
| Редно поле (дума) | под ред. на Христо Цанков-Дерижан. |
| 257 ## - Страна на издаване | |
| Страна на създаване/издаване | България |
| 260 ## - Област на издателските данни | |
| Година на издаване | 1921 |
| Печатница | София : Държ. печ. |
| 300 ## - Физическа характеристика | |
| Страници | 268 с. |
| Илюстрации и др. | с ил., 1 л. : портр. |
| Размери/Мащаб | 28 см |
| 380 ## - Жанр | |
| Жанр | Обществени науки |
| 490 ## - СЕРИИ (Колекции) | |
| 9 (RLIN) | 396381 |
| Име на серия | Частна колекция - Академик Михаил Арнаудов |
| Бележки за серията | Дарение - Основен фонд |
| 500 ## - Общи забележки | |
| Забележка | Подчертавания в съдържанието на кн. ; Автограф с текст: На любимия д-р Мих. Арнаудов. 29. VІІІ. 921 г. Хр. Цанков. - Мека подв. |
| 600 14 - Име на лице, използвано като предмет | |
| За него / За нея | Бобчев, Стефан Савов |
| 9 (RLIN) | 366175 |
| 650 #4 - Допълнително описание по предмет – тема | |
| Основно описание – тема или топоним | Прависти, български |
| 9 (RLIN) | 275976 |
| 653 ## - Ключова дума – ненормативна | |
| Ключова дума | прависти |
| 653 ## - Ключова дума – ненормативна | |
| Ключова дума | Стефан Бобчев |
| 659 ## - Тематичен бюлетин | |
| Тематичен бюлетин | А |
| 659 ## - Тематичен бюлетин | |
| Тематичен бюлетин | Я |
| 700 1# - Други автори (авторска отговорност) | |
| Лично име | Цанков-Дерижан, Христо |
| Автороска отговорност (Описва отношението между автора и произведението) | под ред. на |
| 9 (RLIN) | 281187 |
| 852 ## - Местоположение | |
| Форматна сигнатура | МА 2983 |
| Фондова буква | Фонд "Михаил Арнаудов" |
| 856 4# - Електронен адрес и достъп | |
| Електронен формат | pdf - файл |
| 856 4# - Електронен адрес и достъп | |
| Електронен формат | pdf - файл |
| 999 ## - СИСТЕМНИ КОНТРОЛНИ НОМЕРА | |
| Koha biblionumber | 47103 |
| Koha biblioitemnumber | 47103 |
| 942 ## - АРТИКУЛИ | |
| Вид на библиотечния материал | Книги |
| Скрит в OPAC | Не |
| Периодичен библиозапис | Да |
| 944 ## - СЪЗДАВАНЕ И РЕДАКЦИЯ на ЗАПИСА | |
| Създаване/Редакция | Създаване |
| Дата на регистрацията/редакция | 01.03.2017 |
| Служител, извършил регистрацията/редакцията | Геновева_Генчева |
| 944 ## - СЪЗДАВАНЕ И РЕДАКЦИЯ на ЗАПИСА | |
| Създаване/Редакция | Редакция |
| Дата на регистрацията/редакция | 01.03.2017 |
| Служител, извършил регистрацията/редакцията | Геновева_Генчева |
| 999 ## - СИСТЕМНИ КОНТРОЛНИ НОМЕРА | |
| Koha biblioitemnumber | 47103 |
| Код за отписване | Код за изгубен артикул | Източник на класификационната схема | Код за повреда | Коз за рестрикции | Код за отдаване | Артикулен № | Име на библиотеката - собственик | Име на библиотеката, в която се намира в момента | Статус (Текущо местоположение) | Дата на вписване в системата | Местоположение - отдел | Цена в лева | Номерация (Хронология) | Инвентарен номер | Систематично азбучна сигнатура | Баркод | Номер на екземпляра | Цена в евро | Служебна бележка | Служебен тип на артикула |
|---|---|---|---|---|---|---|---|---|---|---|---|---|---|---|---|---|---|---|---|---|
| Не е изгубен | Universal Decimal Classification | Не е повреден | само за читалня | Специални фондове ( старопечатни, редки и ценни, фонд М. Арнаудов) | 74165 | Регионална библиотека "Любен Каравелов" Русе | Регионална библиотека "Любен Каравелов" Русе | Фонд "Михаил Арнаудов" | 1973-01-01 | Фонд "Михаил Арнаудов" | 5.00 | Автограф: Христо Цанков | 589655 | МА 2983 | 120000589655 | 1 | 2.56 | Дост: DA Вид: А N: стар фонд Дата: 01.01.1973 | Книги |